[Event "Stay Safe Play From Home 219"]
[Site "T#646719Emanuel Laske"]
[Date "2020.06.11"]
[Round "6"]
[White "Don59as"]
[Black "Indianquant"]
[Result "0-1"]
[WhiteElo "2001"]
[BlackElo "2334"]
[Annotator "NA"]
[PlyCount "82"]
[EventDate "2020.06.11"]
[EventType "swiss (blitz)"]

1. c4 {[%emt 0:00:02]} e5 {[%emt 0:00:01]} 2. Nc3 {[%emt 0:00:01]} Bb4 {[%emt 0:00:01]} 3. Nd5 {[%emt 0:00:02]} Bc5 {[%emt 0:00:00]} 4. e4 {[%emt 0:00:01]} Nc6 {[%emt 0:00:00]} 5. g3 {[%emt 0:00:01]} Nf6 {[%emt 0:00:02]} 6. Bg2 {[%emt 0:00:01]} d6 {[%emt 0:00:01]} 7. Ne2 {[%emt 0:00:01]} Bg4 {[%emt 0:00:10]} 8. h3 {[%emt 0:00:01]} Bxe2 {[%emt 0:00:08]} 9. Qxe2 {[%emt 0:00:02]} Nxd5 {[%emt 0:00:00]} 10. exd5 {[%emt 0:00:03]} Nd4 {[%emt 0:00:00]} 11. Qd1 {[%emt 0:00:03]} O-O {[%emt 0:00:03]} 12. O-O {[%emt 0:00:01]} f5 {[%emt 0:00:01]} 13. d3 {[%emt 0:00:05]} f4 {[%emt 0:00:01]} 14. gxf4 {[%emt 0:00:15]} exf4 {[%emt 0:00:09]} 15. Be4 {[%emt 0:00:07]} f3 {[%emt 0:00:22]} 16. Kh2 {[%emt 0:00:12]} Qh4 {[%emt 0:00:05]} 17. Be3 {[%emt 0:00:09]} Rae8 {[%emt 0:00:01]} 18. Bxd4 {[%emt 0:00:45]} Bxd4 {[%emt 0:00:00]} 19. Bxf3 {[%emt 0:00:01]} Re5 {[%emt 0:00:22]} 20. Bg2 {[%emt 0:00:25]} Bxf2 {[%emt 0:00:38]} 21. Qg4 {[%emt 0:00:07]} Qe7 {[%emt 0:00:09]} 22. Be4 {[%emt 0:00:03]} g6 {[%emt 0:00:16]} 23. Rad1 {[%emt 0:00:03]} a5 {[%emt 0:00:01]} 24. Rd2 {[%emt 0:00:01]} Bg3+ {[%emt 0:00:03]} 25. Kg2 {[%emt 0:00:07]} Rxf1 {[%emt 0:00:01]} 26. Kxf1 {[%emt 0:00:01]} Bh4 {[%emt 0:00:00]} 27. Rg2 {[%emt 0:00:04]} Qf6+ {[%emt 0:00:06]} 28. Ke2 {[%emt 0:00:03]} Re7 {[%emt 0:00:01]} 29. Qc8+ {[%emt 0:00:01]} Kg7 {[%emt 0:00:01]} 30. Qg4 {[%emt 0:00:08]} Qxb2+ {[%emt 0:00:02]} 31. Ke3 {[%emt 0:00:02]} Qf6 {[%emt 0:00:00]} 32. Qf4 {[%emt 0:00:01]} Qxf4+ {[%emt 0:00:03]} 33. Kxf4 {[%emt 0:00:00]} Bf6 {[%emt 0:00:00]} 34. Ke3 {[%emt 0:00:00]} Be5 {[%emt 0:00:01]} 35. d4 {[%emt 0:00:00]} Bf6 {[%emt 0:00:01]} 36. Kd3 {[%emt 0:00:00]} b6 {[%emt 0:00:01]} 37. c5 {[%emt 0:00:00]} bxc5 {[%emt 0:00:01]} 38. dxc5 {[%emt 0:00:00]} dxc5 {[%emt 0:00:00]} 39. d6 {[%emt 0:00:00]} c4+ {[%emt 0:00:01]} 40. Kxc4 {[%emt 0:00:01]} Rxe4+ {[%emt 0:00:01]} 41. Kd5 {[%emt 0:00:01]} Rd4+ {[%emt 0:00:00] Time (Lag: Av=0.81s, max=2.0s)} 0-1

[Event "Stay Safe Play From Home 219"]
[Site "T#646719Emanuel Laske"]
[Date "2020.06.11"]
[Round "6"]
[White "Dukic"]
[Black "Weltszmerc"]
[Result "0-1"]
[WhiteElo "1895"]
[BlackElo "2118"]
[Annotator "TA"]
[PlyCount "78"]
[EventDate "2020.06.11"]
[EventType "swiss (blitz)"]

{[%evp 9,78,-16,-20,-38,-45,-65,-52,-62,-57,-68,-25,-38,45,46,57,16,1,-2,0,0,0,-5,0,-3,0,0,0,0,5,-18,-20,-20,-2,-16,-11,-19,-16,-19,-22,-22,-14,-23,-32,-32,-16,-30,-1,-13,-7,-18,0,0,0,-2,0,-23,-20,-82,-57,-95,-53,-193,-76,-77,-88,-77,-78,-84,-93,-100,-8]} 1. c4 Nf6 2. Nc3 e6 3. g3 d5 4. d4 dxc4 5. Bg2 c5 6. d5 {E01: Catalan: Early deviations.} exd5 7. Nxd5 Nc6 {[#]} 8. Nxf6+ $146 {Black is slightly better.} ({Predecessor:} 8. Bf4 Nxd5 9. Bxd5 Qb6 10. Qd2 Be6 11. Bxe6 fxe6 12. Bg5 Nd4 13. Nf3 Nxf3+ 14. exf3 {½-½ (48) Todorova,K (1796)-Plass,M (2042) Braunfels 2019}) 8... Qxf6 9. Qa4 Bd7 {...Nb4 is the strong threat.} 10. Qxc4 O-O-O (10... Rd8 $15) 11. Nf3 $14 Be6 12. Qa4 (12. Qb5 $5 {[%cal Rc1g5]}) 12... Nd4 $1 13. Nxd4 Qxd4 14. Qc2 Qc4 15. Qxc4 Bxc4 16. b3 $132 {[%mdl 2048] White is not holding back} Ba6 17. Bb2 f6 18. Bf3 Bd6 19. O-O Rhe8 20. Rfe1 Kb8 21. Rac1 b6 22. Rc2 Be5 23. Bxe5+ Rxe5 24. e3 Bb7 25. Bxb7 Kxb7 $11 {[%mdl 4096] Endgame KRR-KRR} 26. Kg2 Red5 27. Ree2 f5 28. f3 Re8 29. h3 Rd3 30. Kf2 $1 g6 31. Rc4 Kc6 32. h4 b5 33. Rc1 (33. Rf4 $1 $11 {keeps the balance.}) 33... Re5 34. Rcc2 a6 35. Rcd2 {[#]} ({Better is} 35. h5 $15) 35... Rxd2 (35... Rexe3 $1 $19 {[%mdl 512]} 36. Rxd3 (36. Rxe3 Rxd2+) 36... Rxd3) 36. Rxd2 $17 {Black is better.} Rd5 37. Rc2 Rd1 38. e4 fxe4 39. fxe4 {[#]} Kd6 {[%mdl 32768] Accuracy: White = 81%, Black = 70%. . Sensor Board Error (Ke4/e5)?} ({Black should try} 39... Rd3 $1 $17 40. Re2 h5) 0-1

[Event "Stay Safe Play From Home 219"]
[Site "T#646719Emanuel Laske"]
[Date "2020.06.11"]
[Round "6"]
[White "Haris kollari 13"]
[Black "Fingerfehler1"]
[Result "0-1"]
[WhiteElo "1895"]
[BlackElo "1629"]
[Annotator "NA RC"]
[PlyCount "68"]
[EventDate "2020.06.11"]
[EventType "swiss (blitz)"]

1. e4 {[%emt 0:00:01]} c5 {[%emt 0:00:03]} 2. Nf3 {[%emt 0:00:01]} d6 {[%emt 0:00:01]} 3. d4 {[%emt 0:00:01]} cxd4 {[%emt 0:00:00]} 4. Nxd4 {[%emt 0:00:00]} g6 {[%emt 0:00:01]} 5. Nc3 {[%emt 0:00:00]} Bg7 {[%emt 0:00:01]} 6. Be3 {[%emt 0:00:00]} Nf6 {[%emt 0:00:05]} 7. Be2 {[%emt 0:00:09]} Nc6 {[%emt 0:00:02]} 8. Qd2 {[%emt 0:00:01]} Qa5 {[%emt 0:00:04]} 9. f3 {[%emt 0:00:01]} Bd7 {[%emt 0:00:03]} 10. O-O-O {[%emt 0:00:05]} Rc8 {[%emt 0:00:07]} 11. g4 {[%emt 0:00:03]} O-O {[%emt 0:00:04]} 12. h4 {[%emt 0:00:02]} b5 {[%emt 0:00:03]} 13. h5 {[%emt 0:00:06]} Nxd4 {[%emt 0:00:12]} 14. Bxd4 {[%emt 0:00:03]} b4 {[%emt 0:00:01]} 15. Nb1 {[%emt 0:00:01]} Qxa2 {[%emt 0:00:02]} 16. Qxb4 {[%emt 0:00:07]} Rb8 {[%emt 0:00:07]} 17. Qa3 {[%emt 0:00:03]} Qe6 {[%emt 0:00:17]} 18. b3 {[%emt 0:00:27]} d5 {[%emt 0:00:05]} 19. e5 {[%emt 0:00:04]} Ne8 {[%emt 0:00:09]} 20. f4 {[%emt 0:00:01]} Nc7 {[%emt 0:00:09]} 21. Rhf1 {[%emt 0:00:20]} Bb5 {[%emt 0:00:02]} 22. f5 {[%emt 0:00:04]} Qc8 {[%emt 0:00:08]} 23. Bxb5 {[%emt 0:00:09]} Nxb5 {[%emt 0:00:02]} 24. Qxe7 {[%emt 0:00:01]} Nxd4 {[%emt 0:00:06]} 25. Rxd4 {[%emt 0:00:02]} Rxb3 {[%emt 0:00:01]} 26. f6 {[%emt 0:00:03]} Bh6+ {[%emt 0:00:04]} 27. Rff4 {[%emt 0:00:01]} Rf3 {[%emt 0:00:07]} 28. Qb4 {[%emt 0:00:15]} Qxg4 {[%emt 0:00:07]} 29. Nd2 {[%emt 0:00:04]} Rxf4 {[%emt 0:00:02]} 30. Rxf4 {[%emt 0:00:13]} Qxf4 {[%emt 0:00:02]} 31. Qe7 {[%emt 0:00:05]} Qxd2+ {[%emt 0:00:03]} 32. Kb1 {[%emt 0:00:02]} Rb8+ {[%emt 0:00:07]} 33. Ka1 {[%emt 0:00:01]} Qc1+ {[%emt 0:00:02]} 34. Ka2 {[%emt 0:00:01]} Qb2# {[%emt 0:00:02] (Lag: Av=0.73s, max=4.1s) Haris kollari 13 resigns} 0-1

[Event "Stay Safe Play From Home 219"]
[Site "T#646719Emanuel Laske"]
[Date "2020.06.11"]
[Round "6"]
[White "Greblah"]
[Black "Timbre"]
[Result "0-1"]
[WhiteElo "1865"]
[BlackElo "1626"]
[Annotator "NA RC"]
[PlyCount "80"]
[EventDate "2020.06.11"]
[EventType "swiss (blitz)"]

1. e4 {[%emt 0:00:02]} c6 {[%emt 0:00:03]} 2. d4 {[%emt 0:00:02]} d5 {[%emt 0:00:01]} 3. exd5 {[%emt 0:00:01]} cxd5 {[%emt 0:00:01]} 4. Bd3 {[%emt 0:00:01]} Nf6 {[%emt 0:00:01]} 5. Ne2 {[%emt 0:00:02]} Nc6 {[%emt 0:00:01]} 6. c3 {[%emt 0:00:01]} Bg4 {[%emt 0:00:02]} 7. O-O {[%emt 0:00:01]} Bxe2 {[%emt 0:00:01]} 8. Qxe2 {[%emt 0:00:02]} e6 {[%emt 0:00:01]} 9. f4 {[%emt 0:00:10]} Be7 {[%emt 0:00:02]} 10. Nd2 {[%emt 0:00:02]} O-O {[%emt 0:00:01]} 11. Nf3 {[%emt 0:00:02]} a6 {[%emt 0:00:07]} 12. Ne5 {[%emt 0:00:01]} Nxe5 {[%emt 0:00:02]} 13. fxe5 {[%emt 0:00:02]} Nd7 {[%emt 0:00:01]} 14. Bxh7+ {[%emt 0:00:05]} Kxh7 {[%emt 0:00:03]} 15. Qh5+ {[%emt 0:00:01]} Kg8 {[%emt 0:00:01]} 16. Rf3 {[%emt 0:00:02]} f6 {[%emt 0:00:08]} 17. Rh3 {[%emt 0:00:07]} fxe5 {[%emt 0:00:02]} 18. dxe5 {[%emt 0:00:02]} Rf5 {[%emt 0:00:07]} 19. Qh7+ {[%emt 0:00:14]} Kf7 {[%emt 0:00:02]} 20. Bd2 {[%emt 0:00:47]} Nxe5 {[%emt 0:00:03]} 21. Rf1 {[%emt 0:00:02]} Rxf1+ {[%emt 0:00:04]} 22. Kxf1 {[%emt 0:00:01]} Bf6 {[%emt 0:00:02]} 23. Bf4 {[%emt 0:00:14]} Ng6 {[%emt 0:00:16]} 24. Qh5 {[%emt 0:00:17]} d4 {[%emt 0:00:08]} 25. Rg3 {[%emt 0:00:08]} dxc3 {[%emt 0:00:03]} 26. Qxg6+ {[%emt 0:00:01]} Kf8 {[%emt 0:00:02]} 27. bxc3 {[%emt 0:00:03]} Qd1+ {[%emt 0:00:03]} 28. Kf2 {[%emt 0:00:01]} Rd8 {[%emt 0:00:09]} 29. Be3 {[%emt 0:00:05]} Qd5 {[%emt 0:00:06]} 30. Rf3 {[%emt 0:00:01]} Rc8 {[%emt 0:00:07]} 31. Rxf6+ {[%emt 0:00:04]} gxf6 {[%emt 0:00:03]} 32. Qxf6+ {[%emt 0:00:00]} Kg8 {[%emt 0:00:02]} 33. Qg6+ {[%emt 0:00:05]} Kf8 {[%emt 0:00:04]} 34. Bh6+ {[%emt 0:00:02]} Ke7 {[%emt 0:00:01]} 35. Qg7+ {[%emt 0:00:01]} Kd6 {[%emt 0:00:02]} 36. Bf4+ {[%emt 0:00:01]} Kc6 {[%emt 0:00:02]} 37. Qf6 {[%emt 0:00:04]} Qf5 {[%emt 0:00:02]} 38. Kg3 {[%emt 0:00:00]} Qxf6 {[%emt 0:00:02]} 39. Be5 {[%emt 0:00:01]} Qg6+ {[%emt 0:00:01]} 40. Kf4 {[%emt 0:00:01]} Rf8+ {[%emt 0:00:01] Greblah gibt auf (Lag: Av=0.45s, max=1.6s)} 0-1

[Event "Stay Safe Play From Home 219"]
[Site "T#646719Emanuel Laske"]
[Date "2020.06.11"]
[Round "6"]
[White "Matanant"]
[Black "Haxhi Baha"]
[Result "1-0"]
[WhiteElo "1826"]
[BlackElo "1962"]
[Annotator "TA"]
[PlyCount "91"]
[EventDate "2020.06.11"]
[EventType "swiss (blitz)"]

{[%evp 9,91,0,0,6,25,11,19,0,0,-37,-40,-40,-39,-54,-49,-42,-22,-58,-14,-62,-54,-60,-56,-55,-52,-70,-42,-194,-136,-154,-24,-126,-140,-227,-170,-159,-147,-211,-157,-216,-133,-238,-137,-227,-120,-254,-245,-367,-356,-422,-430,-424,-422,-439,-435,-507,-497,-634,-627,-1819,-1793,-2319,-2070,-2756,-2575,-3312,-1795,-2167,-1386,-1231,-1225,-1200,-642,-1191,-644,-29985,-29986,-29996,-29996,-29997,-29998,-29998,-29996,-29997]} 1. b3 Nf6 2. Bb2 c5 3. e3 Nc6 4. f4 a6 5. Nf3 d6 6. Be2 {A02: Bird's Opening.} e6 7. O-O Be7 8. d3 {The position is equal.} b5 {[#]} 9. e4 $146 ({Predecessor:} 9. h3 Nd5 10. Qd2 Bf6 11. c3 Qb6 12. Kh1 O-O 13. g4 Bb7 14. e4 Nc7 15. g5 {1-0 (25) Rodrigues,J-Fontes,C Lisbon 1992}) 9... Bb7 10. Qd2 O-O 11. Nc3 Qb6 12. Nd1 Rac8 13. Kh1 Rfd8 (13... d5 $5 {[%cal Rd5e4]} 14. e5 Nd7 $15) 14. Ne3 d5 15. e5 Nd7 $1 16. c3 d4 17. cxd4 cxd4 18. Ng4 $2 (18. Nc2 $15) 18... Nf8 ({Better is} 18... Bb4 $19 19. Qd1 Bc3 20. Bxc3 dxc3) 19. a3 Na5 ({Black should try} 19... b4 $17 20. Nf2 Ng6) 20. Bd1 (20. Nxd4 $1 $11 {remains equal.} Bc5 21. Bc3 Bxd4 22. Bxa5) 20... b4 $17 21. a4 {[#]} (21. axb4 $17 Bxb4 22. Qe2) 21... Rc3 $1 {[%mdl 512]} 22. Bxc3 bxc3 23. Qc2 (23. Qe2 $17) 23... Bd5 24. Rb1 (24. Kg1 $17 {was necessary.}) 24... Rb8 25. Ng5 (25. Nf2 $17 {was worth a try.}) 25... Nxb3 (25... Qc7 $19 {aiming for ...Bxb3.} 26. h3 Bxb3) 26. Nf2 {[#]} (26. Bf3 $17 {keeps fighting.} Bxg5 27. Bxd5 exd5 28. fxg5) 26... Qa5 (26... Bxg5 $1 $19 27. fxg5 Qc7) 27. Nge4 (27. Nfe4 $17) 27... Qxa4 $19 28. Bg4 (28. Ng3 $142) 28... Qc6 29. f5 exf5 30. Bxf5 a5 {[%cal Ba6a5,Ba5a4,Ba4a3,Ba3a2][%mdl 32]} 31. Bg4 a4 32. Bh5 a3 33. Ng4 {[#]} a2 $1 {[%mdl 512]} 34. Ra1 (34. Qxa2 c2) 34... Nxa1 35. Rxa1 Bxe4 36. dxe4 Rb2 37. Qd3 Qb6 {Hoping for ...Rb1+.} 38. Rf1 Rb1 39. Bxf7+ Kh8 {( -> ...Rxf1+)} 40. Bxa2 Rxf1+ 41. Qxf1 Qb2 42. Bd5 c2 {Black mates.} 43. Qxf8+ Bxf8 {[%cal Rc2c1]} 44. h3 c1=Q+ 45. Kh2 Qbb1 46. e6 {[%mdl 32768] Accuracy: White = 31%, Black = 55%. . Loss on time!?} 1-0

[Event "Stay Safe Play From Home 219"]
[Site "T#646719Emanuel Laske"]
[Date "2020.06.11"]
[Round "6"]
[White "Klasman"]
[Black "Germanicus G"]
[Result "1-0"]
[WhiteElo "1674"]
[BlackElo "1569"]
[Annotator "NA RC"]
[PlyCount "41"]
[EventDate "2020.06.11"]
[EventType "swiss (blitz)"]

1. f4 {[%emt 0:00:02]} e6 {[%emt 0:01:04]} 2. e4 {[%emt 0:00:27]} d5 {[%emt 0:00:00]} 3. e5 {[%emt 0:00:03]} c5 {[%emt 0:00:02]} 4. Nf3 {[%emt 0:00:02]} Nc6 {[%emt 0:00:01]} 5. Bb5 {[%emt 0:00:01]} c4 {[%emt 0:00:04]} 6. Nd4 {[%emt 0:00:07]} Bd7 {[%emt 0:00:05]} 7. Nxc6 {[%emt 0:00:02]} bxc6 {[%emt 0:00:02]} 8. Ba4 {[%emt 0:00:04]} Qb6 {[%emt 0:00:06]} 9. c3 {[%emt 0:00:03]} Bc5 {[%emt 0:00:03]} 10. Qf3 {[%emt 0:00:06]} Ne7 {[%emt 0:00:09]} 11. d4 {[%emt 0:00:10]} cxd3 {[%emt 0:00:02]} 12. Nd2 {[%emt 0:00:05]} Nf5 {[%emt 0:00:27]} 13. b4 {[%emt 0:00:12]} Be3 {[%emt 0:00:20]} 14. g4 {[%emt 0:00:08]} Bxd2+ {[%emt 0:00:06]} 15. Bxd2 {[%emt 0:00:01]} Nh4 {[%emt 0:00:10]} 16. Qh3 {[%emt 0:00:07]} Ng6 {[%emt 0:00:03]} 17. Qxd3 {[%emt 0:00:05]} a5 {[%emt 0:00:07]} 18. f5 {[%emt 0:00:02]} Nxe5 {[%emt 0:00:04]} 19. Qe3 {[%emt 0:00:01]} Qxe3+ {[%emt 0:00:03]} 20. Bxe3 {[%emt 0:00:01]} axb4 {[%emt 0:00:02]} 21. Bxc6 {[%emt 0:00:02] Zeit (Lag: Av=0.27s, max=0.6s)} 1-0

[Event "Stay Safe Play From Home 219"]
[Site "T#646719Emanuel Laske"]
[Date "2020.06.11"]
[Round "6"]
[White "Edmatuag"]
[Black "Matze69"]
[Result "1-0"]
[WhiteElo "1630"]
[BlackElo "1264"]
[Annotator "NA RC"]
[PlyCount "93"]
[EventDate "2020.06.11"]
[EventType "swiss (blitz)"]

1. e4 {[%emt 0:00:01]} e5 {[%emt 0:00:02]} 2. Nf3 {[%emt 0:00:02]} d6 {[%emt 0:00:03]} 3. c3 {[%emt 0:00:01]} Be7 {[%emt 0:00:02]} 4. d4 {[%emt 0:00:01]} exd4 {[%emt 0:00:01]} 5. cxd4 {[%emt 0:00:01]} Nf6 {[%emt 0:00:01]} 6. Nc3 {[%emt 0:00:01]} O-O {[%emt 0:00:01]} 7. h3 {[%emt 0:00:03]} c6 {[%emt 0:00:03]} 8. Bd3 {[%emt 0:00:04]} Be6 {[%emt 0:00:04]} 9. Bg5 {[%emt 0:00:11]} h6 {[%emt 0:00:03]} 10. Be3 {[%emt 0:00:04]} Nbd7 {[%emt 0:00:03]} 11. Qd2 {[%emt 0:00:01]} Qb6 {[%emt 0:00:02]} 12. O-O-O {[%emt 0:00:04]} Qa5 {[%emt 0:00:06]} 13. Kb1 {[%emt 0:00:02]} b5 {[%emt 0:00:11]} 14. g4 {[%emt 0:00:07]} Bc4 {[%emt 0:00:02]} 15. g5 {[%emt 0:00:03]} hxg5 {[%emt 0:00:06]} 16. Bxg5 {[%emt 0:00:07]} b4 {[%emt 0:00:02]} 17. Bxc4 {[%emt 0:00:01]} bxc3 {[%emt 0:00:02]} 18. Qxc3 {[%emt 0:00:04]} Qa4 {[%emt 0:00:05]} 19. Bb3 {[%emt 0:00:04]} Qb5 {[%emt 0:00:03]} 20. Rhe1 {[%emt 0:00:10]} Rfb8 {[%emt 0:00:08]} 21. e5 {[%emt 0:00:07]} Nd5 {[%emt 0:00:03]} 22. Bxd5 {[%emt 0:00:06]} cxd5 {[%emt 0:00:03]} 23. Bxe7 {[%emt 0:00:03]} Nb6 {[%emt 0:00:09]} 24. Bxd6 {[%emt 0:00:15]} Rb7 {[%emt 0:00:04]} 25. b3 {[%emt 0:00:11]} Nc4 {[%emt 0:00:02]} 26. Bc5 {[%emt 0:00:08]} Na3+ {[%emt 0:00:06]} 27. Bxa3 {[%emt 0:00:03]} a5 {[%emt 0:00:03]} 28. Ka1 {[%emt 0:00:03]} a4 {[%emt 0:00:02]} 29. Rb1 {[%emt 0:00:02]} axb3 {[%emt 0:00:06]} 30. Rxb3 {[%emt 0:00:04]} Qa6 {[%emt 0:00:03]} 31. Reb1 {[%emt 0:00:05]} Rab8 {[%emt 0:00:05]} 32. Rxb7 {[%emt 0:00:04]} Rxb7 {[%emt 0:00:02]} 33. Qc8+ {[%emt 0:00:02]} Kh7 {[%emt 0:00:04]} 34. Qxb7 {[%emt 0:00:01]} Qe2 {[%emt 0:00:03]} 35. Qb3 {[%emt 0:00:03]} Qxf2 {[%emt 0:00:03]} 36. Ng5+ {[%emt 0:00:03]} Kg6 {[%emt 0:00:04]} 37. Bc1 {[%emt 0:00:04]} Qxd4+ {[%emt 0:00:02]} 38. Qb2 {[%emt 0:00:02]} Qf4 {[%emt 0:00:03]} 39. Bxf4 {[%emt 0:00:02]} Kf5 {[%emt 0:00:03]} 40. Nxf7 {[%emt 0:00:01]} Ke6 {[%emt 0:00:03]} 41. Ng5+ {[%emt 0:00:02]} Kf5 {[%emt 0:00:02]} 42. e6 {[%emt 0:00:00]} Kxf4 {[%emt 0:00:04]} 43. e7 {[%emt 0:00:00]} Kxg5 {[%emt 0:00:01]} 44. e8=Q {[%emt 0:00:00]} Kf4 {[%emt 0:00:01]} 45. Qf8+ {[%emt 0:00:00]} Kg3 {[%emt 0:00:01]} 46. Qbf2+ {[%emt 0:00:02]} Kxh3 {[%emt 0:00:01]} 47. Q8f5# {[%emt 0:00:01] (Lag: Av=1.06s, max=3.0s)} 1-0

[Event "Stay Safe Play From Home 219"]
[Site "T#646719Emanuel Laske"]
[Date "2020.06.11"]
[Round "7"]
[White "Indianquant"]
[Black "matanant"]
[Result "1-0"]
[WhiteElo "2338"]
[BlackElo "1850"]
[Annotator "TA"]
[PlyCount "83"]
[EventDate "2020.06.11"]
[EventType "swiss (blitz)"]

{[%evp 15,83,19,22,29,37,26,28,24,29,22,33,33,33,39,37,37,36,39,62,49,82,16,1,-8,-12,-160,-37,-48,-44,-30,-36,-39,-42,-38,0,-22,79,80,85,87,89,85,58,75,88,68,76,26,32,-53,31,26,29,0,0,0,0,0,0,0,0,0,0,0,713,0,639,0,125,0]} 1. Nf3 Nf6 2. c4 e6 3. Nc3 d5 4. d4 Bb4 5. Bg5 O-O 6. e3 h6 7. Bxf6 Qxf6 8. Rc1 c6 9. a3 {D38: Queen's Gambit Declined: Ragozin Defence (4 Nf3 Bb4).} Ba5 10. Be2 Nd7 11. O-O {[#] White has an edge.} Qe7 $146 ({Predecessor:} 11... dxc4 12. Bxc4 Bxc3 13. Rxc3 e5 14. e4 exd4 15. Qxd4 Qxd4 16. Nxd4 Re8 17. f3 Nf8 {1-0 (40) Atalik,S (2564)-Grigorian,A Izmir 2007}) 12. b4 Bc7 13. cxd5 exd5 14. Nxd5 {[%mdl 64] Double Attack, Pin} Bxh2+ $1 15. Nxh2 cxd5 16. Rc7 Qd6 17. Qc2 Nb6 18. Rc5 (18. Qc5 $16 Qg6 19. Bf3) 18... Bd7 $11 19. Rc1 Na4 $36 {[%mdl 2048] Black has good play.} 20. Ra5 (20. Rc7 $11 {remains equal.}) 20... Rac8 ({Black should try} 20... b6 $1 $17 {[%cal Rb6a5]} 21. Ra6 (21. Rxa4 Rfc8 $17) 21... Rac8) 21. Qd2 $15 Rxc1+ 22. Qxc1 Rc8 23. Qd2 a6 24. Nf3 f6 25. Bd3 g5 {[#]} (25... b5 $11 {keeps the balance.}) 26. Bc2 $1 $16 {[%cal Rc2a4]} Nb6 {White should prevent ...Nc4.} 27. Rc5 Nc4 28. Qc3 b6 29. Rxc8+ Bxc8 30. Qd3 {Threatens to win with Qh7+.} f5 31. Bb3 (31. g4 $5) 31... b5 32. a4 (32. Ne5 $14) 32... Kg7 (32... Qxb4 $15 33. axb5 axb5) 33. axb5 $14 axb5 34. Bxc4 (34. Qc3 {is more complex.} Qc6 35. Bd1 Qa6 36. Ne1 Qa2 37. Bc2) 34... dxc4 35. Qc3 Qf6 36. Ne5 Bb7 37. f3 h5 38. Nd7 Qe7 39. Nc5 {Strongly threatening d5+.} Bc6 $2 {[%mdl 8192]} (39... Kf7 $11) 40. e4 $2 ({White must play} 40. d5+ $1 $18 Kh7 41. dxc6) 40... fxe4 $2 {[%mdl 8192]} (40... Qf6 $11) 41. fxe4 $2 (41. d5+ $1 $18 Kg8 42. dxc6) 41... Bxe4 {[#]} (41... Qf6 $11) 42. Qe3 {[%mdl 32768] Accuracy: White = 62%, Black = 62%. . Loss on time!?} (42. d5+ $1 $16 Kg6 43. Qe3) 1-0

[Event "Stay Safe Play From Home 219"]
[Site "T#646719Emanuel Laske"]
[Date "2020.06.11"]
[Round "7"]
[White "Don59as"]
[Black "Klasman"]
[Result "1-0"]
[WhiteElo "1997"]
[BlackElo "1712"]
[Annotator "NA RC"]
[PlyCount "81"]
[EventDate "2020.06.11"]
[EventType "swiss (blitz)"]

1. c4 {[%emt 0:00:02]} f5 {[%emt 0:00:01]} 2. Nc3 {[%emt 0:00:01]} Nf6 {[%emt 0:00:01]} 3. g3 {[%emt 0:00:00]} e6 {[%emt 0:00:01]} 4. Bg2 {[%emt 0:00:01]} c6 {[%emt 0:00:01]} 5. Nf3 {[%emt 0:00:02]} Bb4 {[%emt 0:00:01]} 6. O-O {[%emt 0:00:04]} Bxc3 {[%emt 0:00:02]} 7. bxc3 {[%emt 0:00:01]} O-O {[%emt 0:00:01]} 8. d4 {[%emt 0:00:03]} d5 {[%emt 0:00:04]} 9. cxd5 {[%emt 0:00:01]} cxd5 {[%emt 0:00:01]} 10. Ne5 {[%emt 0:00:05]} Nbd7 {[%emt 0:00:02]} 11. Ba3 {[%emt 0:00:01]} Re8 {[%emt 0:00:03]} 12. Nd3 {[%emt 0:00:05]} Ne4 {[%emt 0:00:07]} 13. Rc1 {[%emt 0:00:11]} b6 {[%emt 0:00:06]} 14. f3 {[%emt 0:00:03]} Ng5 {[%emt 0:00:10]} 15. h4 {[%emt 0:00:03]} Nf7 {[%emt 0:00:03]} 16. e4 {[%emt 0:00:01]} Bb7 {[%emt 0:00:13]} 17. exf5 {[%emt 0:00:01]} exf5 {[%emt 0:00:02]} 18. f4 {[%emt 0:00:01]} Nh6 {[%emt 0:00:04]} 19. Ne5 {[%emt 0:00:01]} Nxe5 {[%emt 0:00:05]} 20. fxe5 {[%emt 0:00:01]} g6 {[%emt 0:00:03]} 21. Qd2 {[%emt 0:00:05]} Ng4 {[%emt 0:00:03]} 22. Bf3 {[%emt 0:00:06]} Qd7 {[%emt 0:00:21]} 23. Bxg4 {[%emt 0:00:03]} fxg4 {[%emt 0:00:01]} 24. Rf6 {[%emt 0:00:06]} Ba6 {[%emt 0:00:11]} 25. h5 {[%emt 0:00:06]} Re6 {[%emt 0:00:12]} 26. hxg6 {[%emt 0:00:30]} hxg6 {[%emt 0:00:07]} 27. Qg5 {[%emt 0:00:04]} Rxf6 {[%emt 0:00:12]} 28. Qxf6 {[%emt 0:00:09]} Qf7 {[%emt 0:00:03]} 29. Qxf7+ {[%emt 0:00:07]} Kxf7 {[%emt 0:00:01]} 30. Rc2 {[%emt 0:00:01]} Rc8 {[%emt 0:00:05]} 31. Rf2+ {[%emt 0:00:02]} Kg7 {[%emt 0:00:02]} 32. e6 {[%emt 0:00:07]} Rxc3 {[%emt 0:00:09]} 33. e7 {[%emt 0:00:01]} Bb5 {[%emt 0:00:01]} 34. Bd6 {[%emt 0:00:04]} Rd3 {[%emt 0:00:04]} 35. Rf8 {[%emt 0:00:06]} Rxd4 {[%emt 0:00:00]} 36. Be5+ {[%emt 0:00:01]} Kh6 {[%emt 0:00:03]} 37. Bxd4 {[%emt 0:00:01]} a5 {[%emt 0:00:02]} 38. e8=Q {[%emt 0:00:03]} Kg5 {[%emt 0:00:02]} 39. Qxb5 {[%emt 0:00:01]} a4 {[%emt 0:00:03]} 40. Qxd5+ {[%emt 0:00:01]} Kh6 {[%emt 0:00:02]} 41. Rh8# {[%emt 0:00:01] (Lag: Av=0.51s, max=1.4s)} 1-0

[Event "Stay Safe Play From Home 219"]
[Site "T#646719Emanuel Laske"]
[Date "2020.06.11"]
[Round "7"]
[White "Haxhi Baha"]
[Black "Lazieri3"]
[Result "1-0"]
[WhiteElo "1939"]
[BlackElo "2184"]
[Annotator "TA"]
[PlyCount "71"]
[EventDate "2020.06.11"]
[EventType "swiss (blitz)"]

{[%evp 9,70,41,61,55,56,0,27,6,77,67,124,124,129,121,144,59,74,63,103,76,79,97,178,206,219,219,283,292,288,289,290,301,330,303,311,280,320,316,298,300,327,328,404,347,347,346,358,360,366,349,364,362,405,399,491,481,576,582,1029,1014,29998,29999,29999]} 1. e4 c6 2. Nf3 d5 3. Nc3 {[%cal Bb1c3,Bc3e4,Be4g5][%mdl 32]} dxe4 4. Nxe4 Nd7 5. Bc4 Ndf6 6. Neg5 {B11: Caro-Kann: Two Knights Variation.} e6 7. Qe2 (7. Ne5 $14 Nh6 8. d4) 7... Bd6 8. d4 {White has an edge.} Nh6 (8... h6 $11 {remains equal.} 9. Ne4 Nxe4 10. Qxe4 Nf6) 9. Bd2 $16 {[#]} Bd7 $146 (9... O-O $14) ({Predecessor:} 9... Qc7 10. O-O-O Bf4 11. Ne5 Bxd2+ 12. Rxd2 Qe7 13. Bd3 Nd5 14. Nh3 Qf6 15. Be4 O-O {1-0 (35) Darazs,Z (2137)-Kovacs,E (2213) Hungary 2013}) 10. O-O-O Qc7 11. Kb1 Bf4 12. h3 ({White should play} 12. Bxf4 $16 Qxf4 13. g3) 12... Bxd2 $14 13. Rxd2 O-O-O {Black is now going downhill.} 14. Ne5 Rhf8 15. g4 $36 {[%mdl 2048] White is in control.} Be8 (15... Kb8 $16) 16. Bxe6+ $18 fxe6 17. Nxe6 {[%mdl 64] [#] Double Attack} Qe7 18. Nxf8 Qxf8 19. g5 $1 {[%csl LRf6,LRh6][%mdl 64] Double Attack} Nf5 20. gxf6 Qxf6 21. Ng4 Qd6 22. Re1 Bf7 23. Ne5 Bg8 24. c3 Qd5 25. b3 h6 26. Qf3 Qxf3 27. Nxf3 Bh7 {...Nh4+ is the strong threat.} 28. Kb2 Rf8 29. Rde2 Kd8 30. Ne5 g5 31. Nc4 Bg8 32. Na5 Nd6 33. c4 Rf3 34. c5 {Nxb7+! would kill now.} Nb5 35. Re8+ {[%mdl 64] [#] Double Attack} Kc7 36. R1e7# {Accuracy: White = 78%, Black = 44%.} 1-0